アイス売上ランキングTOP10(202407) - Statistics

General Stats
  • This quiz has been taken 349 times
  • The average score is 6 of 10
Answer Stats
Rank A maker's name Answer シェア数(%) % Correct
9 赤城乳業 ガリガリ君 ソーダスティック 1.30
88%
10 井村屋 BOXあずきバー 1.26
75%
8 森永製菓 ピノ 1.35
72%
3 明治 エッセルスーパーカップ超バニラ 2.22
71%
7 明治 エッセルスーパーカップ カフェオレ&チョコチップ 1.47
71%
1 森永製菓 チョコモナカジャンボ 2.79
59%
5 ロッテ クーリッシュ バニラ 2.06
49%
4 江崎グリコ ジャイアントコーンアソート 2.20
28%
6 森永製菓 アイスボックス グレープフルーツ 1.88
26%
2 フタバ食品 サクレ レモン 2.69
20%
No matching quizzes found
Score Distribution
Percent of People with Each Score
Percentile by Number Answered
Your Score History
You have not taken this quiz